| 000 | 01138nam0a2200313 4500 | ||
|---|---|---|---|
| 001 | RU\NLR\bibl\1283970 | ||
| 005 | 20250615142130.0 | ||
| 010 |
_a5-87624-021-4 _95000 |
||
| 021 |
_aRU _b2008-65687 _93740 |
||
| 035 | _a(NLR Aleph) 001269709 | ||
| 090 |
_a431251 _c431251 |
||
| 100 | _a20081014d2008 |||y0rusy50 ca | ||
| 101 | 0 | _arus | |
| 102 | _aRU | ||
| 105 | _aa ||||||||| | ||
| 200 | 1 |
_aОхота по перу _fН.А. Зворыкин |
|
| 210 |
_aРеутов _cИзд-во охотничьей литературы ЭРА _aМосква _cИздательский Дом Рученькиных _d2008 |
||
| 215 |
_a159 с. _cил. _d20 |
||
| 225 | 1 | _aСерия Охотник. Рыболов | |
| 225 | 1 | _aСправочник охотника | |
| 606 | 1 |
_aОхота на дичь _jПопулярные издания _91006784 _3RU\NLR\auth\66382718 |
|
| 686 | _aП719-7я9 | ||
| 700 | 1 |
_aЗворыкин _bН. А. _gНиколай Анатольевич _4070 |
|
| 801 | 0 |
_aRU _bNLR _c20081014 _gRCR |
|
| 801 | 1 |
_aRU _bNLR _c20081014 |
|
| 830 | _aАвт. по ЭК. | ||
| 942 | _cBOOK | ||
| 980 | _aNB | ||